00576 2200181 4500001002100000005001700021008004100038020001800079035002900097090001400126100001800140245012400158250001000282260003800292300002400330650001600354990002400370INLIS00000000002221420140304150618.0  a979-3721-58-8 a##a0010-031400000000036 a153 Har t aM. Hariwihaya aTes Kepribadian (Personality Test)bMengungkap Rahasia Tes Kepribadian untuk Sukses Melamar Kerja dan Percepatan Karier aCet 4 aYogjakartabPustaka Pelajarc2006 ax + 144 hlm ; 20 cm aIntelegensi a30213/pusdacil/2014